| 000 | 00590nam a22001817a 4500 | ||
|---|---|---|---|
| 005 | 20240110075533.0 | ||
| 008 | 240110b |||||||| |||| 00| 0 eng d | ||
| 020 | _a0409033243 | ||
| 041 | _aEnglish | ||
| 082 | _a347.6 HOF | ||
| 100 |
_aHoffmann, LH and Zeffertt, DT _lEnglish |
||
| 245 |
_aThe South African Law of Evidence / _cLH Hoffmann and Dt Zeffertt |
||
| 250 | _aFourth Edition | ||
| 260 |
_aDurban : _bButterworth Publishers (Pty) Ltd, _c1988 |
||
| 300 |
_bxii, 753 pages ; _c25,2 cm. |
||
| 650 |
_aLegal practice _bLaw |
||
| 942 |
_cBK _6ALISON_BN_VRIES |
||
| 999 |
_c1213 _d1213 |
||